Sampling techniques for forest resource inventory / (Registro nro. 7041)

Detalles MARC
000 -CABECERA
Campo de control 00899cam a2200241 a 4500
005 - FECHA Y HORA DE LA ULTIMA TRANSACCION
Campo de control 20160630085131.0
008 - ELEMENTOS DE LONGITUD FIJA—INFORMACION GENERAL
Campo de control 950626s1996 nyua b 001 0 eng
020 ## - ISBN
ISBN 0471109401
040 ## - FUENTE DE CATALOGACIÓN
Agencia catalogadora original DLC
Agencia transcriptora DLC
Agencia Modificadora DLC
-- CO-BoIAVH
041 0# - IDIOMA
Código de idioma para texto/pista de sonido o título separado Español
044 ## - PAÍS DE PUBLICACIÓN
País de publicación Colombia
082 00 - NUMERO DE CLASIFICACION DECIMAL DEWEY
Número de clasificación 634.9285
Número del ítem S55s
100 1# - ASIENTO PRINCIPAL--NOMBRE PERSONAL
Nombre personal Shiver, Barry Dexter
Término relacionado autor
9 (RLIN) 72656
245 10 - MENCION DE TITULO
Título Sampling techniques for forest resource inventory /
Mención de responsabilidad Barry D. Shiver y Bruce E. Borders.
260 ## - PUBLICACION, DISTRIBUCION, ETC. (PIE DE IMPRENTA)
Lugar de publicación, distribución, etc. New York :
Nombre del editor, distribuidor, etc. Wiley,
Fecha de publicación, distribución, etc. c1996.
300 ## - DESCRIPCION FISICA
Extensión xii, 356 páginas :
Otros detalles físicos ilustraciones ;
Dimensiones 24 x 17 cm.
504 ## - NOTA DE BIBLIOGRAFIA, ETC.
Nota de bibliografía Incluye referencias bibliográficas e índice.
650 26 - ASIENTO SECUNDARIO DE MATERIA - TERMINO TEMATICO
Término temático o nombre geográfico como elemento de entrada Recursos forestales
Subdivisión de forma Investigación
Subdivisión general Métodos estadísticos
9 (RLIN) 72660
650 26 - ASIENTO SECUNDARIO DE MATERIA - TERMINO TEMATICO
Término temático o nombre geográfico como elemento de entrada Bosques
Subdivisión general silvicultura
-- Métodos estadísticos
9 (RLIN) 72661
650 26 - ASIENTO SECUNDARIO DE MATERIA - TERMINO TEMATICO
Término temático o nombre geográfico como elemento de entrada Muestreo (Estadística)
9 (RLIN) 57298
700 1# - ASIENTO SECUNDARIO - NOMBRE PERSONAL
Nombre personal Borders, Bruce E.
Forma más completa del nombre (Bruce Edward),
Fechas asociadas con el nombre 1956-
Término de relación autor
9 (RLIN) 72662
942 ## - ELEMENTOS ADICIONALES (KOHA)
Sistema de clasificación Dewey Decimal Classification
Tipo de ítem Libro
Existencias
Withdrawn status Lost status Sistema de Clasificación Damaged status No para préstamo Colección Inventariado Ubicación Permanente Ubicación actual Fecha de adquisición Fuente de Valor Valor Total Checkouts Número topográfico Inventario / Código de Barras Date last seen Ejemplar Price effective from Forma de adquisición Tipo de material
    Dewey Decimal Classification     General Inventariado 2017 Bogotá Bogotá 05/08/2009 Instituto 39000.00   LB-634.9285 S55s 027430 04/12/2012 Ej. 1 04/12/2012 Donación Libro